| 000 | 00359nam a22001457a 4500 | ||
|---|---|---|---|
| 008 | 210608b ||||| |||| 00| 0 eng d | ||
| 020 | _a9781412991766 | ||
| 041 | _aeng | ||
| 080 |
_22nd _a343.9 |
||
| 082 | _a343.9 | ||
| 100 | _a13 | ||
| 101 | _aKRI | ||
| 245 |
_aFundamentals of Research in Criminology and Crime Justice _cRonet Bachman |
||
| 942 |
_2udc _cBK |
||
| 999 |
_c58056 _d58056 |
||